Australijscy sportowcy - nagła śmierć - Statystyki

Ogólne statystyki
  • Ten quiz został rozwiązany 42 razy
  • Średni wynik to 8 z 16
Answers on the Grid
Answers color-coded by a green-red scale on the quiz's grid according to % correct below.
Ashleigh Barty
Alexander Volkanovski
Michael Phelps
Daniel Ricciardo
Sebastian Vettel
Eliud Kipchoge
Lleyton Hewitt
Earvin Ngapeth
Tim Cahill
Mark Webber
David Beckham
Mark Schwarzer
Shane Long
Noah Lyles
Nick Kyrgios
Ian Thorpe
Steven Pienaar
Patrick Rafter
Casper Ruud
Charles Leclerc
Alex de Minaur
Harry Kane
Harry Kewell
Ben Shelton
Victor Wembanyama
Dawn Fraser
Susie O’Neill
Ryan Giggs
Cathy Freeman
Tim Howard
Samantha Stosur
Novak Djokovic
 
Statystyki odpowiedzi
Odpowiedź % Poprawnych
Tim Cahill
71%
Ashleigh Barty
66%
Mark Webber
66%
Daniel Ricciardo
57%
Lleyton Hewitt
54%
Alex de Minaur
49%
Nick Kyrgios
49%
Harry Kewell
46%
Mark Schwarzer
43%
Samantha Stosur
43%
Ian Thorpe
40%
Alexander Volkanovski
37%
Cathy Freeman
37%
Patrick Rafter
37%
Dawn Fraser
34%
Susie O’Neill
29%
Nie znaleziono quizów pasujących do podanych kryteriów
Rozkład punktacji
Procent ludzi z każdym wynikiem
Percentyl według liczby udzielonych odpowiedzi
Twoja historia wyników
Nie rozwiązałeś tego quizu